<?xml version="1.0" encoding="UTF-8"?>
<record
    xmlns:xsi="http://www.w3.org/2001/XMLSchema-instance"
    xsi:schemaLocation="http://www.loc.gov/MARC21/slim http://www.loc.gov/standards/marcxml/schema/MARC21slim.xsd"
    xmlns="http://www.loc.gov/MARC21/slim">

  <leader>01058nam a2200241Ia 4500</leader>
  <controlfield tag="005">20231102151637.0</controlfield>
  <controlfield tag="008">121028s20111992mx            000 0 spa d</controlfield>
  <datafield tag="020" ind1=" " ind2=" ">
    <subfield code="a">970-07-5021-3</subfield>
  </datafield>
  <datafield tag="050" ind1=" " ind2=" ">
    <subfield code="a">KGF4589 C37 2011</subfield>
  </datafield>
  <datafield tag="100" ind1="1" ind2="0">
    <subfield code="a">CARDENAS  Elizondo, Francisco</subfield>
  </datafield>
  <datafield tag="245" ind1="1" ind2="0">
    <subfield code="a">Introducci&#xF3;n al estudio del Derecho fiscal </subfield>
    <subfield code="c">/ Francisco C&#xE1;rdenas Elizondo</subfield>
  </datafield>
  <datafield tag="250" ind1=" " ind2=" ">
    <subfield code="a">5a ed.</subfield>
  </datafield>
  <datafield tag="260" ind1=" " ind2=" ">
    <subfield code="a">M&#xE9;xico </subfield>
    <subfield code="b">: Porr&#xFA;a</subfield>
    <subfield code="c">, 2011</subfield>
  </datafield>
  <datafield tag="300" ind1=" " ind2=" ">
    <subfield code="a">xix, 429 p&#xE1;ginas</subfield>
  </datafield>
  <datafield tag="337" ind1=" " ind2=" ">
    <subfield code="a">texto</subfield>
  </datafield>
  <datafield tag="338" ind1=" " ind2=" ">
    <subfield code="a">sin medio</subfield>
  </datafield>
  <datafield tag="339" ind1=" " ind2=" ">
    <subfield code="a">volumen</subfield>
  </datafield>
  <datafield tag="500" ind1=" " ind2=" ">
    <subfield code="a">Plan Flexible
Licenciatura ne Derecho
14 004873
Incluye &#xED;ndice Bibliograf&#xED;a: p. 413-419</subfield>
  </datafield>
  <datafield tag="505" ind1=" " ind2=" ">
    <subfield code="a">Pr&#xF3;logo 
La actividad financiera del Estado 
Derecho financiero, fiscal y tributario 
Norma jur&#xED;dica fiscal 
Las fuentes del Derecho fiscal. Parte I 
Las fuentes del Derecho fiscal. Parte II
La aplicaci&#xF3;n del derecho fiscal
Los ingresos p&#xFA;blicos I
Los ingresos p&#xFA;blicos II</subfield>
  </datafield>
  <datafield tag="650" ind1="1" ind2="0">
    <subfield code="a">IMPUESTOS FINANZAS P&#xDA;BLICAS</subfield>
    <subfield code="x">LEYES Y LEGISLACI&#xD3;N</subfield>
    <subfield code="z">M&#xC9;XICO</subfield>
  </datafield>
  <datafield tag="650" ind1="2" ind2="0">
    <subfield code="a">LEYES Y LEGISLACI&#xD3;N</subfield>
    <subfield code="z">M&#xC9;XICO</subfield>
  </datafield>
  <datafield tag="942" ind1=" " ind2=" ">
    <subfield code="c">LB</subfield>
    <subfield code="2">ddc</subfield>
  </datafield>
  <datafield tag="952" ind1=" " ind2=" ">
    <subfield code="0">0</subfield>
    <subfield code="1">0</subfield>
    <subfield code="2">lcc</subfield>
    <subfield code="4">0</subfield>
    <subfield code="7">0</subfield>
    <subfield code="a">14</subfield>
    <subfield code="b">14</subfield>
    <subfield code="d">2013-02-14</subfield>
    <subfield code="l">1</subfield>
    <subfield code="o">KGF4589 C37 2011</subfield>
    <subfield code="p">14 004873</subfield>
    <subfield code="r">2014-09-23</subfield>
    <subfield code="s">2014-09-23</subfield>
    <subfield code="t">1</subfield>
    <subfield code="w">2014-02-12</subfield>
    <subfield code="y">LB</subfield>
  </datafield>
  <datafield tag="999" ind1=" " ind2=" ">
    <subfield code="c">92025</subfield>
    <subfield code="d">92025</subfield>
  </datafield>
</record>
